000 00623 a2200169 4500
020 _a0130317160
040 _aDLC
082 _a 621.382 DOR
100 1 _aDornan, Andy.
245 1 4 _aThe essential guide to wireless communications applications: from cellular systems to WAP and M-Commerce
_bfrom cellular systems to WAP and M-Commerce /
_cAndy Dornan.
260 _aUpper Saddle River, NJ :
_bPrentice Hall,
_c2000.
300 _a315 P. :
_bill.
490 1 _aEssential guide series.
650 0 _aWireless communication systems.
830 0 _aEssential guide series (Prentice-Hall, inc.)
942 _cBK
_k621.382 DOR
_2ddc
999 _c8121
_d8121